| 000 | 00651nam a22002177a 4500 | ||
|---|---|---|---|
| 999 |
_c3930 _d3930 |
||
| 001 | 3930 | ||
| 003 | BD-JhCC | ||
| 005 | 20171119193242.0 | ||
| 008 | 171119b bg ac||| |||| 000 0 ben d | ||
| 035 | _a(BD-JhCC)3930 | ||
| 040 |
_aBD-JhCC _dBD-JhCC |
||
| 041 | _aben | ||
| 082 |
_a891.443 _bKHA |
||
| 100 | _aখান, হাশেম | ||
| 245 |
_aপরীর দেশে, ফুলের বেশে / _cহাশেম খান |
||
| 260 |
_aঢাকা : _bপাক সাহিত্য ভবন, _c. |
||
| 300 |
_a১১৯ পৃ. : _bill. ; _c২১ সেমি. |
||
| 650 | _aChildren Novel | ||
| 942 |
_2ddc _cBK |
||